| 000 | 00600cab a2200193 4500 | ||
|---|---|---|---|
| 001 | ABS40529 | ||
| 008 | 090401t1989 xxu||||| |||| 00| 0 eng d | ||
| 035 | _a(Sirsi) u24542 | ||
| 041 | _aeng | ||
| 100 | _aHousden, J. | ||
| 245 | _aDrawbacks fail to sully EZ trusts` tax breaks | ||
| 260 | _c1989 | ||
| 350 | _a0 | ||
| 490 |
_aFinancial Adviser _v(93) 2 March 1989, 34-35(2) |
||
| 520 | _aExamines Enterprise Zone Trusts , arguing that in many respects BES s are complementary to EZ trusts and not an alternative. | ||
| 690 | _aPROPERTY LAW AND PRACTICE | ||
| 942 | _n0 | ||
| 948 | _c04/03/1997 | ||
| 999 |
_c16462 _d16462 |
||